000 00815nam a2200265 a 4500
001 2481
003 .
005 20250917120707.0
008 110301s lxxua | 00100 eng d
020 _a9780070167087(student ed.) :
_cSR186.00
035 _a17
040 _c.
082 0 4 _a658.4038
_bOb6 2010
100 1 _aO'Brien, James A.
245 1 0 _aIntroduction to information systems /
_cJames O'Brien, George Marakas.
250 _a15th ed.
260 _aBoston, Mass. :
_bMcGraw-Hill,
_c2010.
300 _axxxiii, 592 p. :
_bcol. ill. ;
_c28 cm.
504 _aIncludes bibl. references and index.
650 4 _aBusiness
_xData processing.
650 4 _aManagement information systems.
650 4 _aInformation technology
_xManagement.
700 0 _aMarakas, George M.,
_ejt. auth.
942 _2ddc
_cBK-EN
999 _c2479
_d2479